[Event "Vojvodina-chT"]
[Site "Pancevo"]
[Date "2007.09.30"]
[Round "9"]
[White "Kitic, Dusan"]
[Black "Jovic, Stevan"]
[Result "1/2-1/2"]
[WhiteElo "2268"]
[BlackElo "2168"]
[PlyCount "94"]
[EventDate "2007.09.24"]
[EventType "team-tourn"]
[EventRounds "9"]
[EventCountry "SRB"]
[SourceTitle "EXT 2023"]
[Source "ChessBase"]
[SourceDate "2022.10.05"]
[SourceVersion "1"]
[SourceVersionDate "2022.10.05"]
[SourceQuality "1"]

1. d4 d5 2. c4 c6 3. Nc3 Nf6 4. Nf3 dxc4 5. a4 Bf5 6. Ne5 e6 7. g3 Nbd7 8. Nxc4 Bb4 9. Bg2 Qe7 10. 0-0 0-0 11. Qb3 Nb6 12. Bg5 Nxc4 13. Qxc4 h6 14. Bxf6 gxf6 15. e4 Bg6 16. f4 f5 17. Rfe1 Rfd8 18. Kh1 Ba5 19. exf5 Bxf5 20. g4 Bxg4 21. Rg1 Kh8 22. Be4 f5 23. Rae1 Qf6 24. Bg2 Re8 25. h3 Bh5 26. Re3 Bc7 27. Rf1 Rad8 28. Rd3 Bb6 29. Qb3 Re7 30. Rf2 Qh4 31. Rf1 Rxd4 32. Rxd4 Bxd4 33. Qc4 Bb6 34. b4 Rg7 35. Qxe6 Qg3 36. Qxh6+ Kg8 37. Qe6+ Bf7 38. Qc8+ Kh7 39. Qxf5+ Kh8 40. Qc2 Bc4 41. Ne4 Bd3 42. Nxg3 Bxc2 43. a5 Rxg3 44. axb6 axb6 45. Re1 Bf5 46. Re5 Bc2 47. Kh2 Rb3 1/2-1/2